000 00257nam a2200109Ia 4500
008 190216s9999||||xx |||||||||||||| ||und||
100 _aSreedharan G
245 0 _aThirenjedutha Thamizh Kathakal
260 _bNbs Kottayam
650 _aKathakal
942 _cBK
999 _c24557
_d24557